| 000 | 00465nam a2200181Ia 4500 | ||
|---|---|---|---|
| 001 | 19540 | ||
| 005 | 20260306172700.0 | ||
| 008 | 260306t2016||||xx |||||||||||||| ||spa|| | ||
| 041 | _aESP | ||
| 082 |
_a340.4 _bA72 |
||
| 100 |
_aAriano Deho, Eugenia _eAUT |
||
| 245 | 0 |
_aResolucciones judiciales, impugnaciones y la cosa juzgada: _bensayos |
|
| 260 | _c2016 | ||
| 300 |
_a539 páginas : _c25 cm. |
||
| 650 | _aGEN | ||
| 654 | _aCDE | ||
| 942 |
_cLIB _dJUS _fJUS _2ddc _n |
||
| 999 |
_c19540 _d19540 |
||